Rozvoj poistného trhu na Slovensku v rokoch 1993-2000
Rozvoj poisťovníctva na princípoch trhového mechanizmu od roku 1991. Subjekty poistného trhu. Vznik Slovenskej asociácie poisťovní. Dozor nad korektným rozvojom poistného trhu - Úrad pre finančný trh. Vonkajšie faktory vplývajúce na vývoj poisťovníctva - vývoj HDP, vývoj inflácie a priemerné mzdy. P...
Uložené v:
| Hlavný autor: | |
|---|---|
| Médium: | Kapitola |
| Jazyk: | Slovak |
| Predmet: | |
| Tagy: |
Žiadne tagy, Buďte prvý, kto otaguje tento záznam!
|
MARC
| LEADER | 00000naa a2200000 4500 | ||
|---|---|---|---|
| 001 | r044571 | ||
| 005 | 20220608125348.8 | ||
| 041 | 0 | |a slo | |
| 044 | |a SK | ||
| 245 | 1 | 0 | |a Rozvoj poistného trhu na Slovensku v rokoch 1993-2000 |c Eva Kafková |
| 520 | |a Rozvoj poisťovníctva na princípoch trhového mechanizmu od roku 1991. Subjekty poistného trhu. Vznik Slovenskej asociácie poisťovní. Dozor nad korektným rozvojom poistného trhu - Úrad pre finančný trh. Vonkajšie faktory vplývajúce na vývoj poisťovníctva - vývoj HDP, vývoj inflácie a priemerné mzdy. Pokračovanie v č. 4/2002. | ||
| 610 | 2 | 0 | |a trh poistný |
| 610 | 2 | 0 | |a poisťovníctvo |
| 610 | 2 | 0 | |a Slovensko |
| 610 | 2 | 0 | |a poisťovne |
| 610 | 2 | 0 | |a 1993-2000 |
| 100 | 1 | |a Kafková, Eva | |